डॉ.बाबासाहेब आंबेडकरांची गाजलेली भाषणे (Record no. 54147)

MARC details
000 -LEADER
fixed length control field 00613nam a2200145Ia 4500
008 - FIXED-LENGTH DATA ELEMENTS--GENERAL INFORMATION
fixed length control field 090123s9999 xx 000 0 und d
082 ## - DEWEY DECIMAL CLASSIFICATION NUMBER
Item number 16084
245 ## - TITLE STATEMENT
Title डॉ.बाबासाहेब आंबेडकरांची गाजलेली भाषणे
250 ## - EDITION STATEMENT
Edition statement 0
260 ## - PUBLICATION, DISTRIBUTION, ETC. (IMPRINT)
Name of publisher, distributor, etc गजानन बुक डेपो
300 ## - PHYSICAL DESCRIPTION
Extent 146
630 ## - SUBJECT ADDED ENTRY--UNIFORM TITLE
Uniform title डॉ.बाबासाहेब आंबेडकरांची गाजलेली भाषणे
730 ## - ADDED ENTRY--UNIFORM TITLE
Uniform title डॉ.बाबासाहेब आंबेडकरांची गाजलेली भाषणे
942 ## - ADDED ENTRY ELEMENTS (KOHA)
Koha item type Book
Holdings
Withdrawn status Lost status Damaged status Not for loan Home library Current library Date acquired Cost, normal purchase price Total Checkouts Full call number Barcode Date last seen Cost, replacement price Price effective from Koha item type
        Jawahar Wachalanalaya, Kalwa Jawahar Wachalanalaya, Kalwa 03/31/2002 25.00   16084 KLW-16084 01/23/2009 25.00 01/23/2009 Book